000 00838nas a2200301 4500
001 BR2010003775
003 BR-BrBNA
005 20231205114626.0
007 ta
008 230509b bl.|||p| |||| 00| 00por d
040 _aBR-BrBNA
_bpor
_cBiblioteca Nacional de Agricultura
041 _a(Pt)
072 _aE70
100 1 _aPereira, L.V.
100 1 _aAbrahão, E.
100 1 _aAndrade, J.C. de
100 1 _aFráguas, J.C.
100 1 _aAlvarenga, A.A.
245 1 _aAnálise do mercado de frutas em Lavras - MG
650 _aFRUTICULTURA
650 _aMERCADO
650 _aPREÇO
650 _aPERDA
650 _aLAVRAS
773 0 _tCiência e Agrotecnologia (Brazil)
_xISSN 1413-7054
_g(Nov-Dec 2008), v. 32(6) p. 1981-1984
_wBR2010003775
909 _a202311
_bLúcia
_c55
_dLúcia Elande
942 _2AGRIS
_n0
_cANA
999 _c209630
_d209630